Responses for show #5757 - Tuesday, September 29, 2009

Andy Srinivasan game 3.

Contestants

Jessica Hawks, a stay-at-home mom from Baltimore, Maryland

Gregg Bingham, a healthcare policy consultant from Louisville, Kentucky

Andy Srinivasan, a high school science teacher from Garner, North Carolina (whose 2-day cash winnings total $33,800)

Jeopardy! Round responses

HAUNTED AMERICA
TV LAUGH LINES
PRESIDENTIAL FACEBOOK PAGES
CUTTING THE MUSTARD
ANIMALS EN ESPAŅOL
SHARK TANK
(Barbara Corcoran: Clues from me, Barbara Corcoran, and the other out-for-blood business people on the new ABC show.)
    $200 9
John Wilkes Booth

Jessica
    $200 17
(Jon) Stewart

Andy
    $200 1
Truman

Andy
    $200 19
Oscar Mayer

Gregg
    $200 4
the zebra

Jessica
    $200 16
branding

Jessica
    $400 10
Winchester

Andy
    $400 18
Sex and the City

Gregg
    $400 2
Buchanan

Andy
    $400 20
Dijon

Jessica
    $400 5
a cow

Gregg
    $400 27
entrepreneur

Jessica
    $600 11
Delaware

Jessica
    $600 21
Kathy Griffin

Andy
    $600 3
Nixon

Gregg
    $600 24
Creole mustard

Gregg
    $600 6
a pig

Gregg
    $600 28
rags to riches

Andy
    $800 12
Alcatraz

Andy
    $800 22
Will & Grace

Andy
    $800 14
William Henry Harrison

Triple Stumper
    $800 25
Pliny

Gregg
    $800 7
a scarab beetle

Gregg
    $800 29
a leveraged buyout

Gregg
    $1,800 13
New Orleans

Andy
    $1000 23
The Office

Jessica
    $1000 15
(Gregg: Who is Franklin? Pierce?)

Calvin "Silent Cal" Coolidge

Gregg
Triple Stumper
    $1000 26
turmeric

Gregg
    $1000 8
fox

Gregg
    $1000 30
networking

Gregg

Scores at the first commercial break (after clue 15):

Andy Gregg Jessica
$3,600 $2,400 $1,000

Scores at the end of the Jeopardy! Round:

Andy Gregg Jessica
$5,800 $7,200 $3,000

Double Jeopardy! Round responses

"A" IN SCIENCE
AT THE MOVIES
ALTERNATE LITERARY TOMBSTONES
FAITH
HOPE
CHARITY
    $400 16
amino acid

Jessica
    $400 1
Madea

Gregg
    $400 26
Tolkien

Andy
    $400 2
Passover

Andy
    $400 11
(Gregg: What's a dinner?)

supper

Gregg
Triple Stumper
    $400 21
at home

Jessica
    $800 17
aurora borealis

Andy
    $800 4
(Gregg: What is Liar, Liar?)

Yes Man

GreggJessica
    $800 27
(Robert) Frost

Gregg
    $800 3
Shintoism

Jessica
    $800 12
walk alone

Triple Stumper
    $800 22
the Marine Corps

Andy
    $5,000 18
arrhythmia

Andy
    $1200 5
Katherine Heigl

Andy
    $1200 28
(George) Orwell

Andy
    $1200 8
Hinduism

Andy
    $1200 13
resurrection

Andy
    $5,000 23
(Andy: Um... what is Goodwill?)

the United Way

Andy
    $1600 19
antigen

Andy
    $1600 6
Seven Pounds

Andy
    $1600 29
[The end-of-round signal sounds.]

Steinbeck

Gregg
    $1600 9
Sikhism

Andy
    $1600 14
(Gregg: What is wait?)

breathe

AndyGregg
    $1600 24
the Shriners

Andy
    $2000 20
alluvial plain

Andy
    $2000 7
(Jessica: What is Center of the Earth?)

Journey to the Center of the Earth

AndyJessica
    $2000 10
Zoroastrianism

Andy
    $2000 15
The Audacity of Hope

Gregg
    $2000 25
(Jessica: Who is Lennon?)

Harrison

AndyJessica

Scores at the end of the Double Jeopardy! Round:

Andy Gregg Jessica
$29,000 $9,200 $1,400
(lock game)

[wagering suggestions for these scores]

Final Jeopardy! Round responses

MUSIC HALLS OF FAME
JessicaWho are Johnny Cash + Elvis Presley?
$100
GreggWho are Elvis Presley and Traveling Wilburys
$57
AndyWho are the Eagles + Elvis Presley?
$9,000
(2 of) Johnny Cash, Elvis Presley, Brenda Lee & the Everly Brothers

Final scores:

Andy Gregg Jessica
$20,000 $9,143 $1,500
3-day champion: $53,800 2nd place: $2,000 3rd place: $1,000

Game dynamics:

Coryat scores:

Andy Gregg Jessica
$29,400 $9,200 $1,400
27 R
(including 2 DDs),
1 W
(including 1 DD)
16 R,
4 W
11 R,
2 W

Combined Coryat: $40,000

The J! Archive is created by fans, for fans. The Jeopardy! game show and all elements thereof, including but not limited to copyright and trademark thereto, are the property of Jeopardy Productions, Inc. and are protected under law. This website is not affiliated with, sponsored by, or operated by Jeopardy Productions, Inc. Join the discussion at JBoard.tv.